00563 a2200181 4500001000700000003000400007005001700011008004100028082002000069100001600089245004200105260003200147300001000179690003600189942001200225999001500237952012900252131733OSt20210916172340.0  a791.43015bD64B1 aDix, Andrew1 aBeginning film studiescby Andrew Dix aNew DelhibViva Booksc2011 a350p. aMotion pictures; Film criticism 2ddccBK c6140d6140 00102ddc40708TXBaCURAJbCURAJd2012-06-08eCMSg250.00l1o791.43015 D64Bp7813r2025-12-26s2025-11-27w2020-09-02yBK